Statistics for Wizards of Middle Earth

Click here to take the quiz!

General Stats

  • This quiz has been taken 299 times
  • The average score is 10 of 20

Answer Stats

Hint Answer % Correct
Gandalf
99%
Grey/White
96%
Saruman
96%
White
93%
Brown
89%
Radagast
88%
Blue
80%
Blue
80%
Pallando
34%
Alatar
34%
Manwë and Varda
33%
Olórin
33%
Yavanna
28%
Aulë
28%
Oromë
20%
Oromë
20%
Curumo
20%
Aiwendil
16%
Rómestámo
12%
Morinehtar
11%

Score Distribution

Percentile by Number Answered

Percent of People with Each Score

Your Score History

You have not taken this quiz